000 005940000a22002170004500
003 LK-CoMWRAF
005 20231113154505.0
008 230817t2000 ||||| |||| 00| 0 eng d
020 _a8178083531
040 _aLK-CoMWRAF
_dLK-CoMWRAF
_eLK-CoMWRAF
041 _aeng
082 _a658.8
_bARM
100 _aArmstrong, Gary
245 _aMarketing:
_bAn Introduction
250 _a5th ed.
260 _a[New Jersey]:
_bPearson Education Asia,
_c2000
300 _axxvii 575 p. : ill. ; 28 cm.
_bGlossary and index included
650 _aMARKETING
700 _aKotler, Philip
942 _cBK
999 _c2423
_d2423